Il bell'Antonio /

Đã lưu trong:
Chi tiết về thư mục
Tác giả chính: Piccioni, Piero (Nhà soạn nhạc)
Tác giả khác: Pasolini, Pier Paolo (Người viết kịch bản), Mammi, Fulvia (Diễn viên), Visentini, Gino (Người viết kịch bản), Bolognini, Mauro (Giám đốc), Mastroianni, Marcello (Diễn viên), Brasseur, Pierre (Diễn viên), Cardinale, Claudia (Diễn viên), Morelli, Rina, (1908-1979) (Diễn viên), Tosi, Piero, (1927-2019), Milián, Tomás (Diễn viên)
Định dạng: Slide
Ngôn ngữ:Tiếng Italy
Được phát hành: [Roma] : L'Unità, [1997?]
Các nhãn: Thêm thẻ
Không có thẻ, Là người đầu tiên thẻ bản ghi này!

MARC

LEADER 00000ngm a22000007i 4500
001 IT\ICCU\RAV\0289629
003 ItRI
005 20260124182905.0
008 970311s1997 it |||||||||||||||k|||||c
040 |b ita 
041 7 |a ita  |2 ISO-639-2 
130 3 |a Il bell'Antonio <film ; 1960>  |3 IT\ICCU\RAV\1199422 
245 0 3 |a Il bell'Antonio /  |c regia di Mauro Bolognini ; sceneggiatura di Pier Paolo Pasolini, Gino Visentini ; dal romanzo "Il bell'Antonio" di Vitaliano Brancati ; musica di Piero Piccioni ; arredamento e costumi Piero Tosi. 
246 1 3 |a Il bell'Antonio <videoregistrazione>  |9 IT\ICCU\MOD\0941642 
260 |a [Roma] :  |b L'Unità,  |c [1997?] 
300 |a 1 videocassetta (VHS) (90 min.) :  |b b/n, sonoro 
500 |a Titolo del contenitore 
500 |a Interpreti: Marcello Mastroianni, Claudia Cardinale, Pierre Brasseur, Rina Morelli, Tomas Milian, Fulvia Mammi 
500 |a Film del 1960, Italia 
500 |a Sul cont.: Marcello Mastroianni 
500 |a Suppl. a: L'Unità. 
700 1 |a Pasolini, Pier Paolo  |0 IT\ICCU\CFIV\001068  |4 sce 
700 1 |a Brancati, Vitaliano  |0 IT\ICCU\CFIV\028621  |4 ant 
700 1 |a Mammi, Fulvia  |0 IT\ICCU\MILV\267881  |4 act 
700 1 |a Visentini, Gino  |0 IT\ICCU\RAVV\028809  |4 sce 
700 1 |a Bolognini, Mauro  |0 IT\ICCU\RAVV\064062  |4 drt 
700 1 |a Mastroianni, Marcello  |0 IT\ICCU\RAVV\088390  |4 act 
700 1 |a Brasseur, Pierre  |0 IT\ICCU\RAVV\088853  |4 act 
700 1 |a Cardinale, Claudia  |0 IT\ICCU\RAVV\089055  |4 act 
700 1 |a Piccioni, Piero  |0 IT\ICCU\RAVV\089797  |4 cmp 
700 1 |a Morelli, Rina,  |d  (1908-1979)  |0 IT\ICCU\RAVV\228060  |4 act 
700 1 |a Tosi, Piero,  |d  (1927-2019)  |0 IT\ICCU\SBNV\013886 
700 1 |a Milián, Tomás  |0 IT\ICCU\UBOV\495230  |4 act 
790 1 |a Manucci, Fulvia  |3 IT\ICCU\SBNV\026582  |z Mammi, Fulvia 
790 1 |a Espinasse, Pierre-Albert  |3 IT\ICCU\PIAV\002940  |z Brasseur, Pierre 
790 1 |a Cardinale, Claude Josephine Rose  |3 IT\ICCU\SBNV\001632  |z Cardinale, Claudia 
790 1 |a Morgan, P.  |3 IT\ICCU\SBNV\002974  |z Piccioni, Piero 
790 1 |a Morelli, Elvira  |3 IT\ICCU\SBNV\033163  |z Morelli, Rina (1908-1979) 
790 1 |a Tosi, Pietro,  |d  (1927-2019)  |3 IT\ICCU\RT1V\041938  |z Tosi, Piero (1927-2019) 
790 1 |a Quintín Rodríguez, Tomás  |3 IT\ICCU\UBOV\591472  |z Milián, Tomás 
942 |2 ddc  |c VM  |n 0 
952 |0 0  |1 0  |4 0  |6 VO_905_000000000000000  |7 0  |9 27619  |a BO  |b BO  |d 2026-01-24  |i 7868  |l 0  |o VO 905  |p BO7868  |r 2026-01-24 18:29:05  |w 2026-01-24  |x [Sebina 5] [1 videocassetta]  |y VM  |z 1 videocassetta 
999 |c 23406  |d 23406